00385cam a2200145ua 45000010005000000080039000050400009000440820008000531000030000612450078000912500009001692600024001783000017002026530020002195015120229n ii |||gr||||Z||||||eng cMAIN a823 aWadikar, M. L.,eAuthor.,11aVirginia woolf & dorothy Richardson a comparative studycby M. L. Wadikar a1st. aMeerut:bAnu books. a184p:c23cm. aEnglish fiction